| 000 | 00499ntaaa2200181 4500 | ||
|---|---|---|---|
| 003 | 01 | ||
| 005 | 20251027201951.0 | ||
| 008 | 0714s1973 ag 01 | ||
| 040 |
_aAR-BaBN _bspa _cAR-BaBN _eaacr _dRIC |
||
| 082 | _a254.0000 C83 | ||
| 100 |
_aCox, Newman W. _918216 |
||
| 245 | _aHow to observe and write church anniversaries and history | ||
| 250 |
_a1 ed. : _bConvention Press, _cn.f. |
||
| 300 | _a12 p. | ||
| 650 |
_aAniversarios-Iglesia _918217 |
||
| 650 |
_aHistoria-Iglesia _918218 |
||
| 942 | _cBK | ||
| 999 |
_c14420 _d14420 |
||